ბათუმის შოთა რუსთაველის სახელმწიფო უნივერსიტეტის ბიბლიოთეკა

საქართველოს აგროსასურსათო სექტორის რესტრუქტურიზაციის მატერიალურ-ტექნიკური ბაზის ფორმირება და განვითარება გარდამავალ პერიოდში : (ბიბ.ჩანაწერი № 63473)

000 -ლიდერი
ფიქსირებული სიგრძის საკონტროლო ველი 01404nam a22002297a 4500
003 - საკონტროლო ნომრის იდენტიფიკატორი
საკონტროლო ველი Ge_BSU
005 - ბოლო ოპერაციის თარიღი და დრო
საკონტროლო ველი 20251015205257.0
008 - ფიქსირებული სიგრძის მონაცემთა ელემენტები - ზოგადი ინფორმაცია
ფიქსირებული სიგრძის საკონტროლო ველი 251015s2009 ge ||||| |||| 00| 0 geo d
020 ## - წიგნის საერთაშორისო სტანდარტული ნომერი
International Standard Book Number 9789941012396
041 ## - ენის კოდი
Language code of text/sound track or separate title geo
080 ## - უნივერსალური ათობითი კლასიფიკაციის ინდექსი
Universal Decimal Classification number 338.43(479.22) ბ-31
100 ## - მთავარი ჩანაწერი - პიროვნების სახელი
Personal name ბაუჩაძე, ბესიკ
9 (RLIN) 2958
245 ## - ცნობა სათაურის შესახებ
Title საქართველოს აგროსასურსათო სექტორის რესტრუქტურიზაციის მატერიალურ-ტექნიკური ბაზის ფორმირება და განვითარება გარდამავალ პერიოდში :
Remainder of title მონოგრაფია /
Statement of responsibility, etc ბესიკ ბაუჩაძე; [რედ. თამაზ კუნჭულია].
264 ## - წარმოების, გამოცემის, დისტრიბუციის და სხვა ცნობები
გამოცემის, წარმოების, დისტრიბუციის... ადგილი თბილისი,
გამოცემის, წარმოების, დისტრიბუციის... თარიღი 2009.
300 ## - ფიზიკური აღწერა
Extent 101გვ. ;
Other physical details 20სმ.
504 ## - BIBLIOGRAPHY, ETC. NOTE
Bibliography, etc ბიბლიოგრ.: გვ. 97-100.
653 ## - INDEX TERM--UNCONTROLLED
Uncontrolled term საქართველოს სოფლის მეურნეობის ეკონომიკა
653 ## - INDEX TERM--UNCONTROLLED
Uncontrolled term სასურსათო საკითხი საქართველოში
653 ## - INDEX TERM--UNCONTROLLED
Uncontrolled term მატერიალურ-ტექნიკური ბაზა
700 ## - ADDED ENTRY--PERSONAL NAME
Personal name კუნჭულია, თამაზ
Relator term რედაქტორი
9 (RLIN) 17900
942 ## - ADDED ENTRY ELEMENTS (KOHA)
Source of classification or shelving scheme
Koha item type წიგნი
ეგზემპლარები
ჩამოწერის სტატუსი დაკარგული ეგზემპლარის სტატუსი კლასიფიკაციის წყარო ან თაროზე გაწყობის სქემა დაზიანების სტატუსი არ გაიცემა მუდმივი მდებარეობა (დაცვის ადგილი) ამჟამინდელი ადგილსამყოფელი თაროზე განთავსების ადგილი შეძენის თარიღი ღირებულება, შესყიდვის ნორმალური ფასი სრული შენახვის შიფრი შტრიხკოდი ბოლო ოპერაციის თარიღი ეგზემპლარის მიმდევრობითი ნომერი (კეტერი?) ფასის ძალაში შესვლის თარიღი ეგზემპლარის სახეობა საჯარო შენიშვნა
          ბათუმის შოთა რუსთაველის სახელმწიფო უნივერსიტეტის მთავარი ბიბლიოთეკა ბათუმის შოთა რუსთაველის სახელმწიფო უნივერსიტეტის მთავარი ბიბლიოთეკა წიგნსაცავი 2025-10-15 4.00 338.43(479.22) ბ-31 72694 2025-10-15 72694 2025-10-15 წიგნი 4 ლ.
          ბათუმის შოთა რუსთაველის სახელმწიფო უნივერსიტეტის მთავარი ბიბლიოთეკა ბათუმის შოთა რუსთაველის სახელმწიფო უნივერსიტეტის მთავარი ბიბლიოთეკა წიგნსაცავი 2025-10-15 4.00 338.43(479.22) ბ-31 72695 2025-10-15 72695 2025-10-15 წიგნი 4 ლ.